[Event "DEM U10 2005"]
[Site "Willingen GER"]
[Date "2005.05.16"]
[Round "4"]
[White "Rozenfeld, Elisabeth"]
[Black "Kaphle, Sebastian"]
[Result "0-1"]
[Termination "normal"]
[Board "1"]
[WhiteElo "1383"]
[BlackElo "1824"]
[PlyCount "78"]
[WhiteFideId "4624742"]
[BlackFideId "24626708"]
[EventCountry "GER"]
[EventRounds "11"]
[EventType "swiss"]
[EventDate "2005.05.15"]

1. e4 c5 2. Nf3 Nc6 3. Bb5 d6 4. Bxc6+ bxc6 5. O-O g6 6. Nc3 Bg7 7. d4 cxd4 8.
Nxd4 Bb7 9. Re1 e5 10. Nf3 Ne7 11. Be3 O-O 12. Qe2 f5 13. Ng5 Qd7 14. Rad1 Kh8
15. Bc5 d5 16. exd5 cxd5 17. Nf3 e4 18. Nxe4 fxe4 19. Qxe4 dxe4 20. Rxd7 Bc6
21. Rxe7 exf3 22. R1e6 Bd5 23. Rd6 Rfd8 24. Red7 Rxd7 25. Rxd7 Re8 26. Be3 Bc6
27. Rd6 Bb7 28. b3 Be5 29. Rd3 Be4 30. Rd7 fxg2 31. c4 Rf8 32. b4 Rf5 33. b5
Bxh2+ 34. Kxh2 Rh5+ 35. Kg3 g1=Q+ 36. Kf4 Qg5+ 37. Kxe4 Qf5+ 38. Kd4 Qxd7+ 39.
Kc3 Rh3 0-1

[Event "DEM U10 2005"]
[Site "Willingen GER"]
[Date "2005.05.16"]
[Round "4"]
[White "Zier, Oliver"]
[Black "Xu, Xianliang"]
[Result "1-0"]
[Termination "normal"]
[Board "2"]
[WhiteElo "1563"]
[BlackElo "1370"]
[PlyCount "65"]
[WhiteFideId "24631906"]
[BlackFideId "4603230"]
[EventCountry "GER"]
[EventRounds "11"]
[EventType "swiss"]
[EventDate "2005.05.15"]

1. d4 d5 2. c4 e5 3. dxe5 d4 4. Nf3 Nc6 5. g3 Bg4 6. Bg2 Qd7 7. O-O O-O-O 8.
Bf4 Bh3 9. e6 Bxe6 10. Nbd2 Nge7 11. a3 f6 12. h4 h6 13. Ne4 Bxc4 14. Nc5 Qe8
15. b3 Bf7 16. b4 g5 17. Bc1 Nd5 18. Bb2 Nc3 19. Bxc3 dxc3 20. Qc2 Bg7 21. Bh3+
Kb8 22. e3 Rg8 23. Bg2 Bh8 24. Rad1 g4 25. Nh2 Bg6 26. Qxc3 f5 27. Qc1 Bf7 28.
Rxd8+ Qxd8 29. Rd1 Qe7 30. Rd7 Qe8 31. Na6+ bxa6 32. Qxc6 Qc8 33. Qa8# 1-0

[Event "DEM U10 2005"]
[Site "Willingen GER"]
[Date "2005.05.16"]
[Round "4"]
[White "Osmanodja, Filiz"]
[Black "Lebeda, Timo"]
[Result "1-0"]
[Termination "normal"]
[Board "3"]
[WhiteElo "1518"]
[BlackElo "1315"]
[PlyCount "135"]
[WhiteFideId "24633569"]
[BlackFideId "4638565"]
[EventCountry "GER"]
[EventRounds "11"]
[EventType "swiss"]
[EventDate "2005.05.15"]

1. e4 e5 2. Nf3 Nc6 3. Bb5 Nf6 4. O-O Bc5 5. Nxe5 Nxe5 6. d4 c6 7. Ba4 Bxd4 8.
Qxd4 Ng6 9. Bg5 h6 10. Bxf6 Qxf6 11. Qxf6 gxf6 12. Nc3 O-O 13. Rad1 Rd8 14. Rd6
Kg7 15. Re1 b6 16. Bxc6 Rb8 17. Ba4 a6 18. Nd5 b5 19. Bb3 Re8 20. Nxf6 Re7 21.
Red1 Rb7 22. Rxa6 Rc7 23. Rad6 Rc6 24. Nh5+ Kf8 25. f3 Rxd6 26. Rxd6 Re5 27.
Bxf7 Kxf7 28. Rf6+ Ke7 29. Rxg6 Rxh5 30. c3 d5 31. Rc6 Bd7 32. Rc5 Kd6 33.
Rxd5+ Rxd5 34. exd5 Kxd5 35. Kf2 Kc4 36. Ke2 b4 37. cxb4 Kxb4 38. Kd2 Be6 39.
b3 Ka3 40. Kc3 Kxa2 41. b4 Ka3 42. b5 Ka4 43. b6 Bc8 44. Kc4 Ka5 45. Kc5 Bb7
46. h4 h5 47. g4 hxg4 48. fxg4 Ka6 49. g5 Be4 50. g6 Bxg6 51. Kc6 Be4+ 52. Kc7
Bf3 53. h5 Bg2 54. h6 Be4 55. h7 Bxh7 56. b7 Kb5 57. b8=Q+ Kc4 58. Qd8 Be4 59.
Kd6 Kd4 60. Ke6+ Ke3 61. Ke5 Kf3 62. Qf6+ Ke3 63. Qf4+ Kd3 64. Qxe4+ Kd2 65.
Kd4 Kc1 66. Qe2 Kb1 67. Kc3 Ka1 68. Qb2# 1-0

[Event "DEM U10 2005"]
[Site "Willingen GER"]
[Date "2005.05.16"]
[Round "4"]
[White "Pältz, Sebastian"]
[Black "Noe, Christopher"]
[Result "1/2-1/2"]
[Termination "normal"]
[Board "4"]
[WhiteElo "1196"]
[BlackElo "1509"]
[PlyCount "66"]
[WhiteFideId "24648027"]
[BlackFideId "24692018"]
[EventCountry "GER"]
[EventRounds "11"]
[EventType "swiss"]
[EventDate "2005.05.15"]

1. e4 c5 2. c3 g6 3. d4 cxd4 4. cxd4 Bg7 5. Nf3 d5 6. Nc3 Nf6 7. e5 Ne4 8. Bd2
O-O 9. Bd3 Bf5 10. Be3 Nxc3 11. bxc3 Bxd3 12. Qxd3 Nd7 13. O-O Nb6 14. Ng5 e6
15. Rab1 Rc8 16. Rfc1 Qe7 17. Rb3 Rc6 18. h3 Rfc8 19. Bd2 Nc4 20. Rcb1 b6 21.
Nf3 Na5 22. R3b2 Nc4 23. Rb3 Qc7 24. Rc1 a6 25. Kf1 h6 26. Ng1 Kh7 27. Ne2 b5
28. Ke1 Qa5 29. Ra1 Bf8 30. h4 Bg7 31. g3 Qc7 32. Kf1 Nb6 33. Ke1 Nc4 1/2-1/2

[Event "DEM U10 2005"]
[Site "Willingen GER"]
[Date "2005.05.16"]
[Round "4"]
[White "Marquardt, Patrick"]
[Black "Gisy, Roberto"]
[Result "1-0"]
[Termination "normal"]
[Board "5"]
[WhiteElo "1459"]
[BlackElo "1366"]
[PlyCount "137"]
[WhiteFideId "4670086"]
[EventCountry "GER"]
[EventRounds "11"]
[EventType "swiss"]
[EventDate "2005.05.15"]

1. d4 d5 2. c4 Nc6 3. Nc3 dxc4 4. e3 e5 5. Nf3 Bg4 6. Bxc4 exd4 7. exd4 Nxd4 8.
Qxd4 Qxd4 9. Nxd4 Rd8 10. Nde2 Bb4 11. O-O Nf6 12. Bg5 O-O 13. f3 Bf5 14. Kh1
c6 15. Rad1 Rxd1 16. Rxd1 Re8 17. Bxf6 gxf6 18. Ng3 Bg6 19. Nge4 Kg7 20. h3 b5
21. Bb3 Bxe4 22. Nxe4 a5 23. a3 Bf8 24. Rd7 a4 25. Bxf7 Re5 26. Ba2+ Kg6 27.
Kg1 f5 28. Nc3 Bc5+ 29. Kf1 b4 30. Nxa4 bxa3 31. Nxc5 Rxc5 32. bxa3 Rc3 33. a4
c5 34. Ke1 Rc2 35. Rd2 Rc3 36. Kd1 Ra3 37. Kc1 Rxa4 38. Rc2 h5 39. Kb2 Ra5 40.
Kb3 Kg5 41. Rc4 Kf6 42. Ra4 Rxa4 43. Kxa4 Kg5 44. g3 f4 45. g4 hxg4 46. hxg4
Kh4 47. Kb5 c4 48. Bxc4 Kg5 49. Kc5 Kg6 50. Kd5 Kf6 51. Ke4 Kg5 52. Ke5 Kg6 53.
Kxf4 Kf6 54. g5+ Kg6 55. Kg4 Kg7 56. f4 Kh7 57. f5 Kg7 58. Kh5 Kh7 59. g6+ Kg7
60. Kg5 Kh8 61. Bf7 Kg7 62. f6+ Kf8 63. Bd5 Ke8 64. g7 Kd7 65. g8=Q Kc7 66. f7
Kd6 67. f8=Q+ Kc7 68. Qb8+ Kd7 69. Qe6# 1-0

[Event "DEM U10 2005"]
[Site "Willingen GER"]
[Date "2005.05.16"]
[Round "4"]
[White "Schmitt, Katrin"]
[Black "Strohmann, Marcel"]
[Result "1/2-1/2"]
[Termination "normal"]
[Board "6"]
[WhiteElo "1398"]
[BlackElo "1140"]
[PlyCount "57"]
[WhiteFideId "24654400"]
[EventCountry "GER"]
[EventRounds "11"]
[EventType "swiss"]
[EventDate "2005.05.15"]

1. e4 c6 2. d4 d5 3. exd5 cxd5 4. Bd3 Nc6 5. c3 Nf6 6. Nf3 Bg4 7. O-O e5 8.
dxe5 Nxe5 9. Be2 Nxf3+ 10. Bxf3 Bxf3 11. Qxf3 Bc5 12. Bg5 Be7 13. Nd2 O-O 14.
Rfe1 h6 15. Bh4 Re8 16. Nb3 Ne4 17. Bxe7 Rxe7 18. Re2 Qe8 19. Rae1 a5 20. Qd3
Re5 21. f3 a4 22. Nd4 Nc5 23. Rxe5 Qxe5 24. Rxe5 Nxd3 25. Rxd5 Nxb2 26. Rb5 Nd1
27. Rxb7 Re8 28. h3 Nxc3 29. Ra7 1/2-1/2

[Event "DEM U10 2005"]
[Site "Willingen GER"]
[Date "2005.05.16"]
[Round "4"]
[White "Barzen, Pascal"]
[Black "Pfeiffer, Daniel"]
[Result "1-0"]
[Termination "normal"]
[Board "8"]
[WhiteElo "1204"]
[BlackElo "1428"]
[PlyCount "85"]
[WhiteFideId "24653497"]
[BlackFideId "24641960"]
[EventCountry "GER"]
[EventRounds "11"]
[EventType "swiss"]
[EventDate "2005.05.15"]

1. d4 Nf6 2. c4 g6 3. Nc3 Bg7 4. e4 d6 5. Bg5 Nbd7 6. Nf3 O-O 7. Bd3 c6 8. O-O
Qb6 9. Qb3 e5 10. Qxb6 axb6 11. dxe5 Nxe5 12. Nxe5 dxe5 13. f4 exf4 14. Bxf4
Rd8 15. Rad1 Bg4 16. Rd2 Be6 17. Be2 Rxd2 18. Bxd2 h6 19. Bxh6 Bxh6 20. Rxf6
Bg7 21. Rf4 Bxc3 22. bxc3 Rxa2 23. Bf1 Rc2 24. Rf3 Kg7 25. h4 Kh6 26. Kh2 Rc1
27. Kg3 Kh5 28. Be2 Bg4 29. Rxf7 Rxc3+ 30. Bf3 g5 31. hxg5 Bxf3 32. gxf3 Rxc4
33. Kf4 Kg6 34. Rf6+ Kg7 35. Kf5 Rd4 36. g6 Rd7 37. Ke6 Rc7 38. Rf7+ Rxf7 39.
gxf7 Kf8 40. Kf6 c5 41. e5 c4 42. e6 c3 43. e7# 1-0

[Event "DEM U10 2005"]
[Site "Willingen GER"]
[Date "2005.05.16"]
[Round "4"]
[White "Neumair, Jerome"]
[Black "Tran, Duc Cuong"]
[Result "1-0"]
[Termination "normal"]
[Board "9"]
[WhiteElo "1162"]
[BlackElo "1395"]
[PlyCount "91"]
[WhiteFideId "24672637"]
[BlackFideId "24689718"]
[EventCountry "GER"]
[EventRounds "11"]
[EventType "swiss"]
[EventDate "2005.05.15"]

1. e4 c5 2. Nf3 Nc6 3. d4 cxd4 4. Nxd4 e5 5. Nb3 Nf6 6. Nc3 Bb4 7. Bg5 h6 8.
Bh4 g5 9. Bg3 Nxe4 10. Qd3 d5 11. O-O-O Bxc3 12. bxc3 Bf5 13. Qf3 Bg6 14. Bb5
O-O 15. Bxc6 bxc6 16. Bxe5 Qe7 17. Bg3 Nxg3 18. hxg3 Kg7 19. g4 Rab8 20. Nd4
Qe4 21. Qxe4 Bxe4 22. f3 Bg6 23. Nf5+ Bxf5 24. gxf5 a5 25. c4 dxc4 26. Rd6 Rh8
27. Rxc6 Rbc8 28. Rd6 Rcd8 29. Rhd1 Rde8 30. Kd2 Rd8 31. Kc3 Rde8 32. Kxc4 Re2
33. R1d2 Rc8+ 34. Kd3 Re5 35. g4 h5 36. Rh2 h4 37. Rd4 f6 38. f4 Rec5 39. c4
Kh6 40. a4 Kg7 41. fxg5 fxg5 42. Re2 R8c6 43. Rd7+ Kf6 44. Re4 Rb6 45. Kd4 Rc8
46. Ree7 1-0

[Event "DEM U10 2005"]
[Site "Willingen GER"]
[Date "2005.05.16"]
[Round "4"]
[White "Gheng, Michael Dan"]
[Black "Blübaum, Matthias"]
[Result "1-0"]
[Termination "normal"]
[Board "10"]
[WhiteElo "1368"]
[BlackElo "1209"]
[PlyCount "107"]
[BlackFideId "24651516"]
[EventCountry "GER"]
[EventRounds "11"]
[EventType "swiss"]
[EventDate "2005.05.15"]

1. e4 e6 2. d4 d5 3. Nd2 Nc6 4. c3 dxe4 5. Nxe4 Be7 6. Nf3 Nf6 7. Bd3 O-O 8.
O-O b6 9. Qc2 h6 10. Qe2 Bb7 11. Nxf6+ Bxf6 12. Qe4 g6 13. Bxh6 Bg7 14. Bxg7
Kxg7 15. d5 exd5 16. Qg4 Rh8 17. Ng5 Qd6 18. f4 Rh6 19. Nf3 Qe6 20. Qxe6 fxe6
21. Rfe1 Re8 22. Ng5 e5 23. fxe5 Rxe5 24. Ne6+ Kf6 25. Nxc7 Rxe1+ 26. Rxe1 Ne5
27. Ne8+ Ke6 28. Ng7+ Kf6 29. Ne8+ Ke6 30. Nc7+ Kd6 31. Nb5+ Ke6 32. Nxa7 Kf6
33. Bc2 Ba6 34. a4 Nc4 35. b3 Nd6 36. Nc6 Rh7 37. Bxg6 Rc7 38. Nb4 Bb7 39. Na2
Rc6 40. Bd3 Nf7 41. Rf1+ Ke7 42. Bb5 Rc7 43. Rd1 Nd6 44. Re1+ Kd8 45. Bd3 Rd7
46. h4 Kc7 47. h5 Rd8 48. h6 Rh8 49. h7 Ne4 50. c4 Nf6 51. Re7+ Kc8 52. Rg7
dxc4 53. bxc4 Bc6 54. Rg6 1-0

[Event "DEM U10 2005"]
[Site "Willingen GER"]
[Date "2005.05.16"]
[Round "4"]
[White "Nitsche-Hahn, Maxim"]
[Black "Schreiner, Till"]
[Result "0-1"]
[Termination "normal"]
[Board "11"]
[WhiteElo "1356"]
[BlackElo "1204"]
[PlyCount "60"]
[WhiteFideId "4613090"]
[BlackFideId "24675555"]
[EventCountry "GER"]
[EventRounds "11"]
[EventType "swiss"]
[EventDate "2005.05.15"]

1. d4 Nf6 2. c4 g6 3. e3 Bg7 4. Nf3 O-O 5. Nc3 d6 6. b4 Nbd7 7. c5 dxc5 8. bxc5
e6 9. Ba3 c6 10. Be2 Qa5 11. Bb2 Ne4 12. Qd3 Ndxc5 13. Qc2 Nxc3 14. Bxc3 Qa3
15. Bb2 Qb4+ 16. Bc3 Qa4 17. Qb2 Ne4 18. Bb4 c5 19. Bc3 Nxc3 20. Qxc3 cxd4 21.
Nxd4 e5 22. Nf3 e4 23. Nd4 Rd8 24. Bb5 Bxd4 25. Qc7 Qb4+ 26. Kf1 Qxb5+ 27. Kg1
Bb6 28. Qc1 Be6 29. h3 Rac8 30. Qe1 Ba5 0-1

[Event "DEM U10 2005"]
[Site "Willingen GER"]
[Date "2005.05.16"]
[Round "4"]
[White "Friedt, Marius"]
[Black "Große, Christian"]
[Result "1/2-1/2"]
[Termination "normal"]
[Board "12"]
[WhiteElo "1127"]
[BlackElo "1347"]
[PlyCount "103"]
[WhiteFideId "4642830"]
[BlackFideId "24646156"]
[EventCountry "GER"]
[EventRounds "11"]
[EventType "swiss"]
[EventDate "2005.05.15"]

1. e4 c5 2. Nf3 d6 3. d4 cxd4 4. Nxd4 Nf6 5. Nc3 g6 6. Be3 Bg7 7. f3 O-O 8. Qd2
Nc6 9. O-O-O Nxd4 10. Bxd4 Be6 11. Nd5 Nxd5 12. Bxg7 Kxg7 13. exd5 Bd7 14. h4
Qb6 15. h5 Bf5 16. g4 Bd7 17. hxg6 fxg6 18. Qh6+ Kf7 19. Qxh7+ Ke8 20. Qxg6+
Kd8 21. Qd3 Rc8 22. c3 a6 23. Rh7 Rc7 24. Qe4 Be8 25. Re1 Rf7 26. g5 Rxh7 27.
Qxh7 Qf2 28. Qe4 Qg3 29. f4 b5 30. Re3 Qg1 31. Re1 Qg3 32. Qe3 Qh4 33. f5 b4
34. Kc2 Ba4+ 35. Kb1 bxc3 36. bxc3 Qh2 37. Re2 Qh1 38. Re1 Qxd5 39. Qe6 Qb7+
40. Ka1 Rxc3 41. Qg8+ Be8 42. f6 Rc2 43. fxe7+ Kc7 44. Rb1 Qe4 45. Qg7 Qa4 46.
Rb2 Rc1+ 47. Rb1 Bf7 48. e8=N+ Kd8 49. Qf6+ Kxe8 50. Qh8+ Kd7 51. Bh3+ Ke7 52.
Qf6+ 1/2-1/2

[Event "DEM U10 2005"]
[Site "Willingen GER"]
[Date "2005.05.16"]
[Round "4"]
[White "Klek, Hanna-Marie"]
[Black "Gitter, Lucas"]
[Result "0-1"]
[Termination "normal"]
[Board "13"]
[WhiteElo "1340"]
[BlackElo "1187"]
[PlyCount "104"]
[WhiteFideId "24670057"]
[BlackFideId "24667587"]
[EventCountry "GER"]
[EventRounds "11"]
[EventType "swiss"]
[EventDate "2005.05.15"]

1. e4 e5 2. Nf3 Nf6 3. Nc3 Nc6 4. Bc4 Bc5 5. d3 d6 6. Bg5 h6 7. Bh4 g5 8. Bg3
Qe7 9. Qd2 Be6 10. Bxe6 fxe6 11. O-O-O O-O-O 12. h4 g4 13. Ng1 h5 14. f3 d5 15.
exd5 exd5 16. fxg4 Nxg4 17. Kb1 Rhf8 18. Re1 Qg7 19. Nf3 Rfe8 20. Ng5 Kb8 21.
Rhf1 Be3 22. Qe2 Bxg5 23. hxg5 Qxg5 24. Rf7 Qg6 25. Rf3 Qg7 26. Rf5 Qg6 27.
Ref1 Nd4 28. Qe1 Nxf5 29. Bf2 Nd4 30. Bh4 Rd7 31. Qg3 Nf5 32. Qe1 a6 33. Bf2 c6
34. Na4 Rde7 35. Nc5 Nxf2 36. Qxf2 Nd6 37. Qd2 e4 38. dxe4 Nxe4 39. Qf4+ Ka8
40. Na4 Nc5 41. a3 Nxa4 42. Qxa4 Qxg2 43. Rc1 Rh7 44. Qh4 Qg4 45. Qf2 h4 46.
Rh1 Qe4 47. Rg1 h3 48. Qh2 Qe5 49. Qh1 h2 50. Rf1 Qe4 51. Qxe4 dxe4 52. Rh1 e3
0-1

[Event "DEM U10 2005"]
[Site "Willingen GER"]
[Date "2005.05.16"]
[Round "4"]
[White "Möhn, Hans"]
[Black "Sarchisov, Slavik"]
[Result "1/2-1/2"]
[Termination "normal"]
[Board "14"]
[WhiteElo "1161"]
[BlackElo "1337"]
[PlyCount "120"]
[WhiteFideId "24647837"]
[BlackFideId "24647888"]
[EventCountry "GER"]
[EventRounds "11"]
[EventType "swiss"]
[EventDate "2005.05.15"]

1. e4 e6 2. d4 d5 3. Nc3 Bb4 4. e5 c5 5. a3 Bxc3+ 6. bxc3 Qa5 7. Bd2 c4 8. Nf3
Nc6 9. Be2 Nge7 10. O-O O-O 11. Nh4 Bd7 12. f4 Ng6 13. Nxg6 fxg6 14. Bg4 Ne7
15. Qb1 Qc7 16. Be1 Nf5 17. Bxf5 Rxf5 18. Bh4 Raf8 19. Be7 R8f7 20. Bd6 Qc6 21.
g3 g5 22. Qc1 Qc8 23. Qe3 gxf4 24. Rxf4 Rxf4 25. gxf4 Qd8 26. Qg3 Rf5 27. Kh1
Be8 28. Rg1 Bg6 29. Rb1 Qd7 30. Kg2 Qf7 31. Kf3 Bh5+ 32. Ke3 g5 33. Rf1 Kh8 34.
Rf2 gxf4+ 35. Rxf4 Rxf4 36. Qxf4 Qxf4+ 37. Kxf4 Kg7 38. Kg5 Bd1 39. a4 Bxc2 40.
a5 a6 41. Bb4 h6+ 42. Kf4 Kg6 43. Be7 h5 44. h4 Bd1 45. Bg5 Kf7 46. Bd8 Ke8 47.
Bb6 Kd7 48. Bc5 Kc6 49. Kg5 Kb5 50. Bb4 b6 51. axb6 Kxb6 52. Kf4 Kb5 53. Ke3
Ka4 54. Kd2 a5 55. Bc5 Bg4 56. Kc2 Bf5+ 57. Kb2 Kb5 58. Bd6 Bd3 59. Bc5 Kc6 60.
Kc1 Kd7 1/2-1/2

[Event "DEM U10 2005"]
[Site "Willingen GER"]
[Date "2005.05.16"]
[Round "4"]
[White "Gerntke, Oliver"]
[Black "Grünwald, Sven"]
[Result "1-0"]
[Termination "normal"]
[Board "15"]
[WhiteElo "1085"]
[BlackElo "1323"]
[PlyCount "103"]
[WhiteFideId "24647977"]
[BlackFideId "24629642"]
[EventCountry "GER"]
[EventRounds "11"]
[EventType "swiss"]
[EventDate "2005.05.15"]

1. d4 d5 2. c4 e6 3. Nc3 Nf6 4. Bg5 Nbd7 5. cxd5 exd5 6. e3 c6 7. Qc2 Qa5 8.
Bd3 Bb4 9. a3 O-O 10. Nge2 h6 11. Bh4 Bd6 12. Bg3 Bxg3 13. Nxg3 Re8 14. O-O Nf8
15. h3 Qc7 16. Bf5 Bxf5 17. Qxf5 Ng6 18. Rfb1 Re7 19. b4 a6 20. a4 Rd8 21. b5
cxb5 22. Nce2 bxa4 23. Rxa4 Ne4 24. Nxe4 dxe4 25. Ng3 Nf8 26. Nxe4 Nd7 27. Ng3
Nf6 28. Qa5 Nd5 29. Qxc7 Rxc7 30. Ra3 Rdc8 31. Rab3 b5 32. Ra1 Rc6 33. Nf5 Kf8
34. e4 Nf4 35. d5 Rc2 36. Rxa6 Ne2+ 37. Kh2 Nf4 38. Rb1 g6 39. Nd6 R8c3 40. Rf1
Rb2 41. Ra7 Nd3 42. Rxf7+ Kg8 43. Ra1 Rc8 44. Raa7 Rd8 45. Rg7+ Kh8 46. Rxg6
Rf8 47. Rxh6+ Kg8 48. Rah7 Rfxf2 49. Rh8+ Kg7 50. Nf5+ Kf7 51. R8h7+ Kg8 52.
Rg7+ 1-0

[Event "DEM U10 2005"]
[Site "Willingen GER"]
[Date "2005.05.16"]
[Round "4"]
[White "Klumpe, Jan-Karl"]
[Black "Stahnecker, Ludwig"]
[Result "0-1"]
[Termination "normal"]
[Board "16"]
[WhiteElo "936"]
[BlackElo "1307"]
[PlyCount "62"]
[BlackFideId "24692026"]
[EventCountry "GER"]
[EventRounds "11"]
[EventType "swiss"]
[EventDate "2005.05.15"]

1. e4 c5 2. c3 e6 3. d4 Nc6 4. Nf3 Nf6 5. Bd3 d5 6. exd5 Nxd5 7. Be4 Be7 8. c4
Nb6 9. Be3 Nxc4 10. Qe2 Nxe3 11. fxe3 cxd4 12. Bxc6+ bxc6 13. Qc4 dxe3 14.
Qxc6+ Bd7 15. Qe4 O-O 16. O-O Bc5 17. Rd1 e2+ 18. Rd4 Qb6 19. Nc3 Bxd4+ 20.
Nxd4 Qxb2 21. Re1 Qxc3 22. Rxe2 Qc5 23. Re3 Qd5 24. Qh4 Bc6 25. Rg3 Qe5 26. Rh3
Be4 27. Nf3 Qc5+ 28. Kf1 Bd3+ 29. Ke1 Qe3+ 30. Kd1 Qe2+ 31. Kc1 Qc2# 0-1

[Event "DEM U10 2005"]
[Site "Willingen GER"]
[Date "2005.05.16"]
[Round "4"]
[White "Kyas, Philipp"]
[Black "Kuhn, Jan"]
[Result "1-0"]
[Termination "normal"]
[Board "17"]
[WhiteElo "1273"]
[BlackElo "1164"]
[PlyCount "95"]
[WhiteFideId "24670936"]
[EventCountry "GER"]
[EventRounds "11"]
[EventType "swiss"]
[EventDate "2005.05.15"]

1. d4 d5 2. Nf3 Nf6 3. Bf4 Bf5 4. c4 c6 5. e3 e6 6. Qb3 Qb6 7. Qxb6 axb6 8. Be2
Bb4+ 9. Nc3 O-O 10. O-O Nbd7 11. cxd5 exd5 12. Rfd1 Rfe8 13. Ne5 Nxe5 14. Bxe5
Nd7 15. Bg3 Nf6 16. Bd3 Bxd3 17. Rxd3 Bxc3 18. Rxc3 Ne4 19. Rb3 Nxg3 20. hxg3
b5 21. a4 Ra7 22. Raa3 Rea8 23. axb5 Rxa3 24. Rxa3 Rxa3 25. bxa3 cxb5 26. Kf1
Kf8 27. f3 f5 28. Ke2 Ke7 29. Kd3 Kd6 30. e4 dxe4+ 31. fxe4 fxe4+ 32. Kxe4 Ke6
33. d5+ Kd6 34. Kd4 b6 35. g4 g5 36. g3 h6 37. Ke4 Kd7 38. Ke5 Ke7 39. d6+ Kd7
40. Kd5 Kd8 41. Kc6 Kc8 42. d7+ Kd8 43. Kd6 b4 44. axb4 b5 45. Kc6 h5 46. gxh5
g4 47. h6 Ke7 48. Kc7 1-0

[Event "DEM U10 2005"]
[Site "Willingen GER"]
[Date "2005.05.16"]
[Round "4"]
[White "Davydov, Ruven"]
[Black "Kühnel, Lena"]
[Result "1-0"]
[Termination "normal"]
[Board "18"]
[WhiteElo "1250"]
[BlackElo "1124"]
[PlyCount "69"]
[WhiteFideId "24666068"]
[BlackFideId "24640956"]
[EventCountry "GER"]
[EventRounds "11"]
[EventType "swiss"]
[EventDate "2005.05.15"]

1. d4 d5 2. c4 e6 3. Nc3 Nf6 4. Bg5 Nbd7 5. Nf3 c6 6. e3 Qa5 7. Bf4 Bb4 8. Qc2
O-O 9. Bd3 Re8 10. O-O Qd8 11. a3 Ba5 12. Bg5 h6 13. Bh4 Bc7 14. Rfe1 b6 15. e4
dxe4 16. Bxe4 Bb7 17. Ne5 Nxe5 18. dxe5 Bxe5 19. Bh7+ Kh8 20. Rxe5 c5 21. Re3
a6 22. Be4 Bxe4 23. Nxe4 g5 24. Bg3 Nxe4 25. Rxe4 f5 26. Be5+ Kg8 27. Re2 Qe7
28. f4 b5 29. Rd1 Rad8 30. Red2 Rxd2 31. Rxd2 Qb7 32. Qb3 Kf7 33. Qd1 Kg6 34.
Rd7 Qc6 35. Rg7# 1-0

[Event "DEM U10 2005"]
[Site "Willingen GER"]
[Date "2005.05.16"]
[Round "4"]
[White "Barden, Andrea"]
[Black "Günthner, Arthur"]
[Result "1/2-1/2"]
[Termination "normal"]
[Board "19"]
[WhiteElo "990"]
[BlackElo "1245"]
[PlyCount "52"]
[WhiteFideId "24698822"]
[EventCountry "GER"]
[EventRounds "11"]
[EventType "swiss"]
[EventDate "2005.05.15"]

1. c4 c5 2. Nc3 Nf6 3. g3 b6 4. Bg2 Nc6 5. Nf3 Bb7 6. O-O g6 7. b3 Bg7 8. Bb2
O-O 9. e3 d5 10. cxd5 Nxd5 11. Rb1 Qd7 12. d4 cxd4 13. Nxd4 Nxd4 14. Nxd5 Bxd5
15. Bxd4 Rfd8 16. Bxg7 Bxg2 17. Kxg2 Qc6+ 18. Qf3 Qxf3+ 19. Kxf3 Kxg7 20. Rb2
Rac8 21. Re1 Kf6 22. Ree2 e5 23. Red2 Ke6 24. Rbc2 Rxc2 25. Rxc2 Rd7 26. h4 h5
1/2-1/2

[Event "DEM U10 2005"]
[Site "Willingen GER"]
[Date "2005.05.16"]
[Round "4"]
[White "Schäfer, Daniela"]
[Black "Peil, Christoph"]
[Result "1-0"]
[Termination "normal"]
[Board "20"]
[WhiteElo "1233"]
[BlackElo "1096"]
[PlyCount "131"]
[WhiteFideId "4624769"]
[BlackFideId "24651800"]
[EventCountry "GER"]
[EventRounds "11"]
[EventType "swiss"]
[EventDate "2005.05.15"]

1. e4 c5 2. Nf3 e6 3. d4 d5 4. exd5 exd5 5. Bb5+ Nc6 6. O-O Be6 7. Be3 c4 8.
Nc3 Nf6 9. Re1 Bd6 10. Qd2 Qc7 11. Rad1 O-O 12. b3 a6 13. Bxc6 Qxc6 14. Ne5
Bxe5 15. dxe5 Nd7 16. Nxd5 c3 17. Qd4 Kh8 18. Nxc3 Nb6 19. Qb4 Nd5 20. Nxd5
Bxd5 21. f3 Be6 22. Qc5 Bf5 23. Rd6 Qxc5 24. Bxc5 Bxc2 25. Rd2 Rfc8 26. Rxc2 b6
27. Rec1 bxc5 28. Rxc5 Rxc5 29. Rxc5 h6 30. Kf2 Kh7 31. Ke3 Kg6 32. Kf4 a5 33.
Ke4 a4 34. b4 Rb8 35. a3 Re8 36. Kd4 Kf5 37. g3 Ke6 38. b5 Rd8+ 39. Kc4 f6 40.
exf6 gxf6 41. b6 Kd6 42. Rd5+ Ke7 43. Rxd8 Kxd8 44. Kc5 Kd7 45. Kb5 f5 46. Kxa4
Kc6 47. Ka5 Kb7 48. Kb5 h5 49. a4 Kb8 50. Kc6 Kc8 51. a5 h4 52. a6 hxg3 53. a7
Kd8 54. a8=Q+ Ke7 55. hxg3 f4 56. g4 Kf6 57. Qf8+ Kg5 58. Kd5 Kh4 59. Ke5 Kg3
60. Qxf4+ Kg2 61. Qd2+ Kxf3 62. Qd3+ Kxg4 63. Qe4+ Kg3 64. Qf4+ Kg2 65. Ke4 Kh3
66. Qg5 1-0

[Event "DEM U10 2005"]
[Site "Willingen GER"]
[Date "2005.05.16"]
[Round "4"]
[White "Grewenig, Jan"]
[Black "Stuhler, Kilian"]
[Result "1-0"]
[Termination "normal"]
[Board "22"]
[WhiteElo "1214"]
[BlackElo "1087"]
[PlyCount "83"]
[WhiteFideId "4657330"]
[EventCountry "GER"]
[EventRounds "11"]
[EventType "swiss"]
[EventDate "2005.05.15"]

1. e4 e5 2. Nf3 Nc6 3. d4 exd4 4. Nxd4 Nxd4 5. Qxd4 Qf6 6. Qe3 Qb6 7. Nc3 Bc5
8. Qf3 d6 9. Bc4 Nf6 10. Rb1 Bg4 11. Qg3 Bb4 12. O-O Rf8 13. Be3 Qa5 14. h3 Bh5
15. Qxg7 Nd7 16. a3 Bxc3 17. bxc3 O-O-O 18. Bd3 Rg8 19. Qd4 Nb6 20. Rb5 c5 21.
Rxa5 cxd4 22. cxd4 Bf3 23. g3 d5 24. e5 h5 25. h4 Rdf8 26. Bf4 a6 27. Rc5+ Kb8
28. e6+ Ka7 29. Bd6 Ra8 30. exf7 Rgd8 31. f8=Q Rxf8 32. Bxf8 Rxf8 33. Rc7 Na8
34. Re7 Nb6 35. Be2 Be4 36. Bxh5 Bxc2 37. g4 Nc4 38. Kh2 Nd2 39. Rc1 Be4 40.
Rf7 Nf3+ 41. Kg3 Rxf7 42. Bxf7 1-0

[Event "DEM U10 2005"]
[Site "Willingen GER"]
[Date "2005.05.16"]
[Round "4"]
[White "Müller, Alexander"]
[Black "Scholz, Andre"]
[Result "1-0"]
[Termination "normal"]
[Board "23"]
[WhiteElo "1336"]
[BlackElo "900"]
[PlyCount "103"]
[WhiteFideId "4624696"]
[EventCountry "GER"]
[EventRounds "11"]
[EventType "swiss"]
[EventDate "2005.05.15"]

1. e4 e5 2. Nf3 Nf6 3. Nc3 Nc6 4. Bc4 Bc5 5. d3 d6 6. h3 Be6 7. Nd5 Qd7 8.
Nxf6+ gxf6 9. Bxe6 fxe6 10. O-O O-O-O 11. c3 Bb6 12. a4 d5 13. Bd2 Rhg8 14. b4
a5 15. b5 Ne7 16. Qe2 Ng6 17. Rac1 Qg7 18. g3 Nf4 19. Bxf4 exf4 20. g4 Qh6 21.
Kg2 Rg7 22. Nd2 Rdg8 23. f3 f5 24. e5 Be3 25. Rcd1 Qh4 26. Qe1 Qh6 27. Rh1 fxg4
28. hxg4 Rxg4+ 29. fxg4 Rxg4+ 30. Kf3 Rg3+ 31. Qxg3 fxg3 32. Rxh6 Bxh6 33. Kxg3
Bg5 34. Rf1 Bxd2 35. c4 Bg5 36. cxd5 exd5 37. e6 h5 38. Rf5 h4+ 39. Kg4 Be7 40.
Rxd5 c6 41. bxc6 bxc6 42. Rxa5 c5 43. Ra7 Kd8 44. a5 Ke8 45. a6 Bd8 46. Rd7 Bb6
47. Rb7 Bd8 48. a7 c4 49. dxc4 h3 50. Kxh3 Bh4 51. Kxh4 Kd8 52. a8=Q# 1-0